[Event "K41 Efteraars EMT Basis 1 2007"]
[Site "Valby"]
[Date "2007.09.11"]
[Round "1"]
[White "Friis, Jesper"]
[Black "Jorgensen, Carina Eilegaard"]
[Result "0-1"]
[WhiteElo "1824"]
[BlackElo "1780"]
[PlyCount "78"]
[EventDate "2007.??.??"]

1. e4 d5 2. exd5 Nf6 3. d4 Nxd5 4. c4 Nb4 5. a3 N4c6 6. Be3 e5 7. d5 Ne7 8. Qh5
Nf5 9. Bg5 Be7 10. Bxe7 Qxe7 11. Nc3 b6 12. Bd3 g6 13. Qd1 a5 14. Nf3 Nd6 15.
O-O O-O 16. Re1 Bg4 17. h3 Bxf3 18. Qxf3 f5 19. Qd1 e4 20. Kh1 Qh4 21. Bf1 Qxf2
22. Re2 Qg3 23. Qd4 Nd7 24. Nb5 Nxb5 25. cxb5 a4 26. Rc1 Nc5 27. Re3 Qd6 28.
Bc4 Rae8 29. g3 h6 30. Rc2 Kh7 31. h4 Re7 32. b4 axb3 33. Bxb3 f4 34. gxf4 Rxf4
35. Rh2 Rf1+ 36. Kg2 Ref7 37. Kh3 R1f3+ 38. Rxf3 Rxf3+ 39. Kg2 Qg3+ 0-1

[Event "K41 Efteraars EMT Basis 1 2007"]
[Site "Valby"]
[Date "2007.09.11"]
[Round "1"]
[White "Helles, Morten Agervig"]
[Black "Andersen, Rune Egede"]
[Result "1-0"]
[WhiteElo "1830"]
[BlackElo "1981"]
[PlyCount "79"]
[EventDate "2007.??.??"]

1. b3 d5 2. Bb2 Bg4 3. g3 c6 4. Bg2 Nd7 5. Nf3 Ngf6 6. d3 e6 7. Nbd2 Bd6 8. a3
O-O 9. h3 Bh5 10. O-O Re8 11. Qe1 Qb6 12. Kh1 Rad8 13. Rb1 e5 14. e4 h6 15. Nh4
Qc7 16. Nf5 Bf8 17. g4 Bg6 18. Bf3 Nc5 19. Rg1 Ne6 20. h4 Rd7 21. exd5 Nxd5 22.
Ne4 Bxf5 23. gxf5 Nd4 24. Bd1 Nxf5 25. c4 Qd8 26. cxd5 cxd5 27. Ng3 Qxh4+ 28.
Kg2 Qg5 29. Bc1 Qg6 30. Bh5 Nh4+ 31. Kh3 Qxd3 32. Bxh6 Re6 33. Qe3 Qh7 34. Qg5
Rxh6 35. Qxh4 Be7 36. Qg4 f5 37. Qa4 Rd8 38. Qxa7 f4 39. Qxb7 Bf6 40. Kg2 1-0

[Event "K41 Efteraars EMT Basis 1 2007"]
[Site "Valby"]
[Date "2007.09.11"]
[Round "1"]
[White "Jorgensen, Kasper Moller"]
[Black "Lofberg, Jan"]
[Result "1/2-1/2"]
[WhiteElo "1916"]
[BlackElo "1940"]
[PlyCount "62"]
[EventDate "2007.??.??"]

1. e4 c5 2. c3 d5 3. exd5 Qxd5 4. d4 cxd4 5. cxd4 e5 6. Nf3 exd4 7. Nxd4 Bd7 8.
Nc3 Bb4 9. Be3 Nf6 10. Be2 Nc6 11. O-O Bxc3 12. bxc3 O-O 13. Bf3 Qc4 14. Rb1 b6
15. Bg5 Nxd4 16. Qxd4 Qxd4 17. cxd4 Rac8 18. Rbc1 Rxc1 19. Rxc1 Rc8 20. Rxc8+
Bxc8 21. Kf1 Ng4 22. h3 Nh2+ 23. Ke2 Nxf3 24. Kxf3 f6 25. Bf4 Bb7+ 26. Kg3 Kf7
27. Bb8 a6 28. Bd6 b5 29. f3 Ke6 30. Bf8 g6 31. Kf4 Kd5 1/2-1/2

[Event "K41 Efteraars EMT Basis 1 2007"]
[Site "Valby"]
[Date "2007.09.11"]
[Round "1"]
[White "Nielsen, John Holm"]
[Black "Moller, Arne Vagn"]
[Result "1/2-1/2"]
[WhiteElo "1883"]
[BlackElo "1682"]
[PlyCount "44"]
[EventDate "2007.??.??"]

1. Nc3 c5 2. Nf3 d6 3. d4 cxd4 4. Nxd4 Nc6 5. e4 a6 6. Be3 e6 7. Be2 Be7 8. O-O
Nf6 9. f4 Bd7 10. Bf3 Qc7 11. Qe1 Nxd4 12. Bxd4 e5 13. Be3 Bc6 14. Qf2 b5 15.
Rad1 Rc8 16. a3 Qb7 17. fxe5 dxe5 18. Nd5 Bxd5 19. exd5 Bd6 20. g3 O-O 21. h3
Qc7 22. Rd2 e4 1/2-1/2

[Event "K41 Efteraars EMT Basis 1 2007"]
[Site "Valby"]
[Date "2007.09.18"]
[Round "2"]
[White "Andersen, Rune Egede"]
[Black "Jorgensen, Kasper Moller"]
[Result "0-1"]
[WhiteElo "1981"]
[BlackElo "1916"]
[PlyCount "76"]
[EventDate "2007.??.??"]

1. e4 e6 2. d4 d5 3. Nc3 Bb4 4. Bd3 dxe4 5. Bxe4 Nf6 6. Bf3 c5 7. Be3 Nc6 8.
Bxc6+ bxc6 9. Nge2 Ba6 10. dxc5 Qa5 11. Qd6 Rc8 12. O-O-O Bxe2 13. Nxe2 Qxa2
14. c3 Qa1+ 15. Kc2 Qa4+ 16. Kb1 Ba5 17. Rd4 Qb5 18. c4 Qb7 19. Qg3 Rb8 20. Bc1
O-O 21. Rhd1 Bc7 22. Qe3 a5 23. g4 e5 24. R4d3 Nxg4 25. Qg5 Qc8 26. Rg1 f5 27.
h3 Bd8 28. Rxd8 Qxd8 29. Qxd8 Rbxd8 30. hxg4 fxg4 31. Rxg4 Rxf2 32. Nc3 Rd4 33.
Rg5 e4 34. Rg4 h5 35. Rg6 Rf6 36. Rg5 h4 37. Be3 Rd3 38. Bg1 e3 0-1

[Event "K41 Efteraars EMT Basis 1 2007"]
[Site "Valby"]
[Date "2007.09.18"]
[Round "2"]
[White "Jorgensen, Carina Eilegaard"]
[Black "Moller, Arne Vagn"]
[Result "1-0"]
[WhiteElo "1780"]
[BlackElo "1682"]
[PlyCount "111"]
[EventDate "2007.??.??"]

1. b3 e5 2. Bb2 Nc6 3. e3 Nf6 4. Bb5 d6 5. Bxc6+ bxc6 6. Ne2 Bb7 7. O-O c5 8.
c4 Be7 9. Nbc3 Qd7 10. f4 Qc6 11. Rf2 O-O-O 12. fxe5 Ng4 13. Nd5 Qe8 14. exd6
Bxd6 15. Rf4 h5 16. Bxg7 Rg8 17. Rxg4 hxg4 18. Bf6 Rd7 19. Nef4 Bxf4 20. Nxf4
Rd6 21. Bh4 f5 22. Qe2 Qd7 23. Rd1 Rh8 24. Bg3 Rdh6 25. d4 Qh7 26. d5 Rxh2 27.
Bxh2 Qxh2+ 28. Kf2 Qh4+ 29. Kf1 Qg3 30. Qd3 Re8 31. Qxf5+ Kb8 32. e4 Bc8 33.
Ne6 Rh8 34. Ke2 Qxg2+ 35. Qf2 Qxe4+ 36. Kd2 Rh3 37. Re1 Qd3+ 38. Kc1 g3 39. Qf4
Qc3+ 40. Kd1 Qa1+ 41. Qc1 Qxa2 42. Qc2 Qa1+ 43. Qc1 Qxc1+ 44. Kxc1 g2 45. Nf4
Rxb3 46. Kd2 Ba6 47. Nd3 Bxc4 48. Nxc5 a5 49. Nxb3 Bf1 50. Re8+ Kb7 51. Rg8 Kb6
52. Rg5 a4 53. Nc1 Kc5 54. Kc3 c6 55. dxc6+ Kxc6 56. Kb4 1-0

[Event "K41 Efteraars EMT Basis 1 2007"]
[Site "Valby"]
[Date "2007.09.18"]
[Round "2"]
[White "Lofberg, Jan"]
[Black "Nielsen, John Holm"]
[Result "0-1"]
[WhiteElo "1940"]
[BlackElo "1883"]
[PlyCount "116"]
[EventDate "2007.??.??"]

1. e4 e5 2. f4 d6 3. Bc4 Nf6 4. Nc3 Nc6 5. d3 Bg4 6. Nf3 Nd4 7. Be3 Qd7 8. f5
Bxf3 9. gxf3 Nxf5 10. exf5 d5 11. Nxd5 Nxd5 12. Bxd5 Qxd5 13. Qe2 O-O-O 14. Bd2
Be7 15. Qe4 Bc5 16. Bc3 Bd4 17. Kd2 Kb8 18. h4 g6 19. Qxd5 Rxd5 20. Bxd4 Rxd4
21. Rae1 f6 22. fxg6 hxg6 23. Re4 Kc8 24. Rg1 Rh6 25. Reg4 Rxg4 26. Rxg4 Kd7
27. Ke3 Ke6 28. Ra4 a6 29. Kf2 Rh7 30. Kg3 Rd7 31. Rc4 c6 32. Rb4 f5 33. Rb6
Kd5 34. Rb4 b5 35. f4 Kc5 36. a3 a5 37. Rb3 exf4+ 38. Kxf4 Rd4+ 39. Kg5 Rg4+
40. Kf6 f4 41. Ke5 Rxh4 42. d4+ Kb6 43. c4 g5 44. cxb5 a4 45. Rf3 Kxb5 46. Rc3
Rh6 47. Ke4 Re6+ 48. Kf5 Rd6 49. Ke4 Rd5 50. b3 axb3 51. Rxb3+ Kc4 52. Rb4+ Kc3
53. Ra4 Rd8 54. Rb4 Re8+ 55. Kf3 Re3+ 56. Kf2 g4 57. Rb1 Kxd4 58. Rb4+ Ke5 0-1

[Event "K41 Efteraars EMT Basis 1 2007"]
[Site "Valby"]
[Date "2007.09.25"]
[Round "3"]
[White "Helles, Morten Agervig"]
[Black "Jorgensen, Carina Eilegaard"]
[Result "0-1"]
[WhiteElo "1830"]
[BlackElo "1780"]
[PlyCount "42"]
[EventDate "2007.??.??"]

1. Nf3 b6 2. c4 Bb7 3. b3 Nf6 4. Bb2 g6 5. g3 Bxf3 6. exf3 Bg7 7. Bg2 O-O 8.
O-O d5 9. cxd5 Nxd5 10. Bxg7 Kxg7 11. Qc2 e6 12. a3 a5 13. Nc3 Ra7 14. f4 c6
15. Ne4 f6 16. Rfe1 Re8 17. Bh3 e5 18. fxe5 Rxe5 19. f4 Re8 20. Qb2 Rae7 21.
Kf2 Rxe4 0-1

[Event "K41 Efteraars EMT Basis 1 2007"]
[Site "Valby"]
[Date "2007.09.25"]
[Round "3"]
[White "Jorgensen, Kasper Moller"]
[Black "Friis, Jesper"]
[Result "1-0"]
[WhiteElo "1916"]
[BlackElo "1824"]
[PlyCount "195"]
[EventDate "2007.??.??"]

1. e4 c5 2. c3 d5 3. exd5 Qxd5 4. d4 cxd4 5. cxd4 Nc6 6. Nf3 Bg4 7. Be2 Nf6 8.
Nc3 Qa5 9. O-O e6 10. Qb3 Qb4 11. Rd1 Be7 12. h3 Bh5 13. g4 Bg6 14. Qxb4 Nxb4
15. Ne5 O-O 16. Nxg6 hxg6 17. Bf3 Rad8 18. Bxb7 Nc2 19. Rb1 Nxd4 20. Be3 Bc5
21. b4 Bb6 22. a4 Nc2 23. Rxd8 Rxd8 24. Bxb6 axb6 25. a5 bxa5 26. bxa5 Ne8 27.
a6 Nc7 28. a7 Na3 29. Rb3 Nc2 30. Be4 Nd4 31. Rb8 Rf8 32. Rxf8+ Kxf8 33. a8=Q+
Nxa8 34. Bxa8 Ke7 35. f4 g5 36. fxg5 e5 37. Kf2 Ne6 38. Ne4 Nf4 39. h4 Ke6 40.
h5 f5 41. gxf6 gxf6 42. Bb7 Kf7 43. Ng3 Nh3+ 44. Ke3 Ng5 45. Ne4 Nh3 46. Bc8
Nf4 47. Nd6+ Kg7 48. Ke4 Kh6 49. Kf5 Nxh5 50. gxh5 Kxh5 51. Ne4 Kh6 52. Kxf6
Kh5 53. Kxe5 Kg6 54. Ke6 Kg7 55. Ba6 Kg6 56. Be2 Kg7 57. Bg4 Kg6 58. Ke7 Kg7
59. Ke8 Kg6 60. Kf8 Kh7 61. Kf7 Kh6 62. Kf6 Kh7 63. Bh5 Kg8 64. Ng5 Kh8 65. Be8
Kg8 66. Ne6 Kh7 67. Nd4 Kh6 68. Bf7 Kh7 69. Be6 Kh8 70. Nf3 Kh7 71. Ng5+ Kh8
72. Bf5 Kg8 73. Nf7 Kf8 74. Bh7 Ke8 75. Ne5 Kd8 76. Ke6 Kc7 77. Kd5 Kb6 78. Bc2
Kc7 79. Ba4 Kb6 80. Nc4+ Kc7 81. Ke6 Kd8 82. Kd6 Kc8 83. Bc6 Kd8 84. Na5 Kc8
85. Bd7+ Kb8 86. Kc6 Ka7 87. Bc8 Kb8 88. Bd7 Ka7 89. Kc7 Ka6 90. Nb3 Ka7 91.
Nc5 Ka8 92. Nb7 Ka7 93. Bb5 Ka8 94. Nc5 Ka7 95. Nd7 Ka8 96. Nb6+ Ka7 97. Nc8+
Ka8 98. Bc6# 1-0

[Event "K41 Efteraars EMT Basis 1 2007"]
[Site "Valby"]
[Date "2007.09.25"]
[Round "3"]
[White "Moller, Arne Vagn"]
[Black "Lofberg, Jan"]
[Result "0-1"]
[WhiteElo "1682"]
[BlackElo "1940"]
[PlyCount "140"]
[EventDate "2007.??.??"]

1. e4 e5 2. Nf3 Nc6 3. Bb5 f5 4. Bxc6 dxc6 5. O-O fxe4 6. Nxe5 Qd4 7. Ng4 h5 8.
c3 Bxg4 9. cxd4 Bxd1 10. Rxd1 O-O-O 11. b3 Rxd4 12. Bb2 Rd3 13. Nc3 Nf6 14. Ne2
Bb4 15. Bc3 Bxc3 16. dxc3 Rhd8 17. Re1 g5 18. h3 e3 19. fxe3 Rxe3 20. Kf2 Nd5
21. c4 Rf8+ 22. Kg1 Nb4 23. Nd4 Rfe8 24. Rxe3 Rxe3 25. Kf2 Rd3 26. Ne6 Rd2+ 27.
Kg3 Rd3+ 28. Kf2 Nc2 29. Rc1 Rd2+ 30. Kg3 Nd4 31. Nxd4 Rxd4 32. Rc2 h4+ 33. Kf3
a5 34. Ke3 Rf4 35. Rd2 a4 36. Rd4 axb3 37. axb3 Rf5 38. b4 b6 39. Rg4 Kd7 40.
g3 hxg3 41. Rxg3 Ke6 42. Rg4 Re5+ 43. Kf3 b5 44. h4 gxh4 45. Rxh4 bxc4 46. Rxc4
Kd6 47. Kf4 c5 48. bxc5+ Rxc5 49. Rd4+ Kc6 50. Ke4 Kb5 51. Kd3 Rc1 52. Kd2 Rc4
53. Rd8 Kc5 54. Rc8 c6 55. Kd3 Rh4 56. Kc3 Rh7 57. Kd2 Kb5 58. Ra8 c5 59. Rf8
Rh4 60. Rb8+ Kc4 61. Ra8 Rh2+ 62. Ke3 Kc3 63. Rc8 c4 64. Rc7 Rh3+ 65. Ke4 Rd3
66. Rc8 Rd7 67. Rc6 Kb3 68. Rb6+ Kc2 69. Ke3 c3 70. Ke2 Re7+ 0-1

[Event "K41 Efteraars EMT Basis 1 2007"]
[Site "Valby"]
[Date "2007.09.25"]
[Round "3"]
[White "Nielsen, John Holm"]
[Black "Andersen, Rune Egede"]
[Result "0-1"]
[WhiteElo "1883"]
[BlackElo "1981"]
[PlyCount "77"]
[EventDate "2007.??.??"]

1. Nc3 c5 2. Nf3 Nf6 3. d4 cxd4 4. Nxd4 a6 5. e4 e6 6. a3 Qc7 7. Be2 Be7 8. O-O
Nc6 9. Be3 O-O 10. f4 d6 11. Bf3 Bd7 12. Qe1 Rfe8 13. Rd1 Na5 14. b3 Rac8 15.
Nde2 Bc6 16. Qf2 Nd7 17. Rd2 b5 18. Rfd1 Nb7 19. Nd4 Qa5 20. Nb1 Nd8 21. e5
Bxf3 22. Nxf3 d5 23. f5 Qc7 24. Qg3 Kh8 25. b4 Nc6 26. Nd4 Qxe5 27. Bf4 Qf6 28.
fxe6 fxe6 29. Qg4 Nxd4 30. Rxd4 Rxc2 31. R4d3 Rc4 32. Rf1 Bd8 33. Qg3 e5 34.
Be3 Qe6 35. Nd2 Rg4 36. Qh3 Nf6 37. Nf3 Bb6 38. Bxb6 Qxb6+ 39. Kh1 0-1

[Event "K41 Efteraars EMT Basis 1 2007"]
[Site "Valby"]
[Date "2007.10.02"]
[Round "4"]
[White "Andersen, Rune Egede"]
[Black "Moller, Arne Vagn"]
[Result "1-0"]
[WhiteElo "1981"]
[BlackElo "1682"]
[PlyCount "45"]
[EventDate "2007.??.??"]

1. e4 c5 2. c3 d5 3. exd5 Qxd5 4. d4 Nf6 5. Nf3 Nc6 6. dxc5 Qxd1+ 7. Kxd1 Bg4
8. Be3 Nd5 9. b4 e5 10. h3 Bf5 11. Bc4 Nxe3+ 12. fxe3 h6 13. Nbd2 Be7 14. Rf1
Rd8 15. Ke2 Bf6 16. e4 Bg6 17. Bd5 O-O 18. Nc4 Rd7 19. Rad1 Rfd8 20. b5 Nb8 21.
Nfxe5 Bxe5 22. Nxe5 Rxd5 23. Rxd5 1-0

[Event "K41 Efteraars EMT Basis 1 2007"]
[Site "Valby"]
[Date "2007.10.02"]
[Round "4"]
[White "Friis, Jesper"]
[Black "Nielsen, John Holm"]
[Result "1/2-1/2"]
[WhiteElo "1824"]
[BlackElo "1883"]
[PlyCount "105"]
[EventDate "2007.??.??"]

1. e4 e5 2. Bc4 Nf6 3. Nc3 Bc5 4. d3 h6 5. f4 d6 6. h3 O-O 7. Nf3 c6 8. fxe5
dxe5 9. Qe2 b5 10. Bb3 Nbd7 11. Be3 Qb6 12. Bxc5 Qxc5 13. g4 Nh7 14. h4 a5 15.
a3 g6 16. Nd1 Ndf6 17. g5 Nh5 18. gxh6 Nf4 19. Qf2 Qd6 20. Ne3 Be6 21. Bxe6
Qxe6 22. Ng5 Qe7 23. O-O-O a4 24. Ng2 Nxg2 25. Qxg2 b4 26. Nxh7 Kxh7 27. axb4
Qxb4 28. Qd2 Qxd2+ 29. Kxd2 a3 30. bxa3 Rxa3 31. h5 g5 32. Rdf1 f6 33. Rf5 Ra7
34. Kc3 Kxh6 35. Kc4 Rg7 36. Kc5 g4 37. Rhf1 Rg5 38. Rxg5 Kxg5 39. Rh1 Rh8 40.
Kxc6 Rxh5 41. Rf1 g3 42. c4 Rh2 43. Kd6 Rd2 44. Ke6 Rxd3 45. Rf5+ Kg4 46. Rxf6
g2 47. Rg6+ Kf3 48. Kxe5 Kf2 49. Rxg2+ Kxg2 50. c5 Kf3 51. c6 Rc3 52. Kd6 Kxe4
53. c7 1/2-1/2

[Event "K41 Efteraars EMT Basis 1 2007"]
[Site "Valby"]
[Date "2007.10.02"]
[Round "4"]
[White "Helles, Morten Agervig"]
[Black "Jorgensen, Kasper Moller"]
[Result "0-1"]
[WhiteElo "1830"]
[BlackElo "1916"]
[PlyCount "58"]
[EventDate "2007.??.??"]

1. b3 Nf6 2. Bb2 g6 3. e3 Bg7 4. f4 c5 5. Nf3 O-O 6. Be2 d6 7. O-O Nc6 8. a3 e5
9. fxe5 Ng4 10. h3 Ngxe5 11. Nxe5 dxe5 12. Bf3 Be6 13. Bxc6 bxc6 14. d3 Qg5 15.
Kh1 Qxe3 16. Re1 Qg3 17. Qe2 Bd5 18. Kg1 Bxg2 19. Bxe5 Bxe5 20. Qxe5 Qxh3 21.
Nc3 Bf3 22. Qh2 Qg4+ 23. Kf2 Rae8 24. Na4 Bd5 25. Qg3 Qd4+ 26. Kf1 Re6 27. c3
Rf6+ 28. Ke2 Re8+ 29. Kd2 Rf2+ 0-1

[Event "K41 Efteraars EMT Basis 1 2007"]
[Site "Valby"]
[Date "2007.10.02"]
[Round "4"]
[White "Jorgensen, Carina Eilegaard"]
[Black "Lofberg, Jan"]
[Result "1-0"]
[WhiteElo "1780"]
[BlackElo "1940"]
[PlyCount "49"]
[EventDate "2007.??.??"]

1. f4 e5 2. fxe5 d6 3. exd6 Bxd6 4. Nf3 g5 5. g3 h5 6. d4 g4 7. Nh4 Be7 8. Ng2
h4 9. Bf4 hxg3 10. Bxg3 Bd6 11. Nf4 Bf5 12. Nc3 Bb4 13. Bg2 c6 14. e4 Bxc3+ 15.
bxc3 Bd7 16. O-O Qa5 17. Qe1 Na6 18. Nd3 Qh5 19. Ne5 f6 20. Nxd7 Kxd7 21. Rb1
b6 22. Qf2 Rf8 23. Qf4 Kc8 24. Qd6 Rd8 25. Qxc6+ 1-0

[Event "K41 Efteraars EMT Basis 1 2007"]
[Site "Valby"]
[Date "2007.10.09"]
[Round "5"]
[White "Jorgensen, Kasper Moller"]
[Black "Jorgensen, Carina Eilegaard"]
[Result "1/2-1/2"]
[WhiteElo "1916"]
[BlackElo "1780"]
[PlyCount "47"]
[EventDate "2007.??.??"]

1. e4 d5 2. exd5 Nf6 3. d4 Nxd5 4. Nf3 g6 5. Be2 Bg7 6. O-O O-O 7. c4 Nb6 8.
Nc3 Nc6 9. Be3 e5 10. d5 Ne7 11. Qb3 Nf5 12. Rfd1 Nxe3 13. fxe3 Kh8 14. c5 Nd7
15. Qc4 f5 16. e4 f4 17. c6 Nb6 18. Qc5 Re8 19. d6 Bf8 20. Nxe5 Qf6 21. Ng4
Bxg4 22. Bxg4 Bxd6 23. Qb5 bxc6 24. Qb3 1/2-1/2

[Event "K41 Efteraars EMT Basis 1 2007"]
[Site "Valby"]
[Date "2007.10.09"]
[Round "5"]
[White "Moller, Arne Vagn"]
[Black "Friis, Jesper"]
[Result "1-0"]
[WhiteElo "1682"]
[BlackElo "1824"]
[PlyCount "41"]
[EventDate "2007.??.??"]

1. e4 e5 2. Nf3 Nc6 3. Nc3 Nf6 4. Bb5 d6 5. d4 exd4 6. Nxd4 Bd7 7. O-O Ne5 8.
Bxd7+ Qxd7 9. f4 Nc6 10. Nxc6 Qxc6 11. Be3 Be7 12. Qf3 O-O-O 13. a4 a6 14. Rfd1
h5 15. h3 Nh7 16. Nd5 Qd7 17. b4 g5 18. Bb6 g4 19. Qc3 c6 20. Bxd8 Qxd8 21.
Nxe7+ 1-0

[Event "K41 Efteraars EMT Basis 1 2007"]
[Site "Valby"]
[Date "2007.10.09"]
[Round "5"]
[White "Nielsen, John Holm"]
[Black "Helles, Morten Agervig"]
[Result "1-0"]
[WhiteElo "1883"]
[BlackElo "1830"]
[PlyCount "119"]
[EventDate "2007.??.??"]

1. Nc3 e5 2. Nf3 Nc6 3. d4 exd4 4. Nxd4 Nf6 5. Bg5 d6 6. Nd5 Nxd4 7. Nxf6+ gxf6
8. Qxd4 Bg7 9. O-O-O Qe7 10. e4 O-O 11. Bh4 Re8 12. f3 Qe5 13. Bf2 Qa5 14. Qd5
c5 15. Be1 Qa4 16. Qb3 Qxb3 17. axb3 Rd8 18. Bg3 Bf8 19. Bc4 Be6 20. Rd3 Bxc4
21. bxc4 Rd7 22. Rhd1 Rad8 23. f4 Be7 24. c3 Kf8 25. Rd5 a6 26. Kc2 h6 27. e5
fxe5 28. fxe5 b6 29. exd6 Bf6 30. b4 cxb4 31. cxb4 Rc8 32. Kb3 Rc6 33. Bf4 Bg7
34. R1d2 Ke8 35. Ra2 b5 36. c5 f6 37. h4 Rf7 38. Rh5 Kd7 39. Bxh6 Bxh6 40. Rxh6
f5 41. Re2 Rc8 42. Rhe6 Kc6 43. Re7 Rf6 44. Rg7 a5 45. bxa5 f4 46. Rc7+ Rxc7
47. dxc7 Kxc7 48. Kb4 Kc6 49. Rd2 f3 50. gxf3 Rf4+ 51. Kc3 Rxh4 52. Rd4 Rh5 53.
Kb4 Rxc5 54. Rf4 Rg5 55. Rf6+ Kc7 56. a6 Rh5 57. Ka5 Re5 58. Rf7+ Kc6 59. a7
Re1 60. a8=Q+ 1-0

[Event "K41 Efteraars EMT Basis 1 2007"]
[Site "Valby"]
[Date "2007.10.23"]
[Round "6"]
[White "Jorgensen, Kasper Moller"]
[Black "Nielsen, John Holm"]
[Result "1-0"]
[WhiteElo "1916"]
[BlackElo "1883"]
[PlyCount "93"]
[EventDate "2007.??.??"]

1. e4 e5 2. Nf3 Nc6 3. Bb5 a6 4. Bxc6 dxc6 5. O-O Bg4 6. h3 h5 7. d3 Qf6 8.
Nbd2 Bc5 9. Nc4 Bxf3 10. Qxf3 Qxf3 11. gxf3 f6 12. f4 exf4 13. Bxf4 O-O-O 14.
Be3 Bxe3 15. Nxe3 Ne7 16. f4 g5 17. fxg5 fxg5 18. Rf6 Rdf8 19. Raf1 Rxf6 20.
Rxf6 Rg8 21. Rh6 h4 22. Nf5 Nxf5 23. exf5 Rf8 24. f6 Rf7 25. Kg2 Kd7 26. Kf3
Ke6 27. Kg4 Rxf6 28. Kxg5 Rxh6 29. Kxh6 Kf6 30. Kh5 Kf5 31. Kxh4 Kf4 32. Kh5
Kf5 33. d4 a5 34. a4 b5 35. b3 b4 36. h4 Ke4 37. Kg5 Kxd4 38. h5 Kc3 39. h6
Kxc2 40. h7 Kxb3 41. h8=Q Kxa4 42. Qb2 c5 43. Kf4 c4 44. Qa2+ Kb5 45. Ke4 a4
46. Kd4 c5+ 47. Kd5 1-0

[Event "K41 Efteraars EMT Basis 1 2007"]
[Site "Valby"]
[Date "2007.10.23"]
[Round "6"]
[White "Friis, Jesper"]
[Black "Lofberg, Jan"]
[Result "0-1"]
[WhiteElo "1824"]
[BlackElo "1940"]
[PlyCount "128"]
[EventDate "2007.??.??"]

1. e4 c5 2. d4 e6 3. Nf3 cxd4 4. c3 dxc3 5. Nxc3 Ne7 6. Bc4 Ng6 7. Qe2 Nc6 8.
O-O Nce5 9. Nxe5 Nxe5 10. Bb3 Bc5 11. Rd1 Qh4 12. h3 O-O 13. Nb5 a6 14. Nd6 Qe7
15. Nxc8 Raxc8 16. Qh5 d6 17. Bg5 Qc7 18. Rac1 Qb6 19. Bh4 Bd4 20. Rb1 Rc7 21.
Rd2 Rfc8 22. Rbd1 Rc1 23. Kh2 Rxd1 24. Qxd1 Ng6 25. Rxd4 Nxh4 26. Rxd6 Qc7 27.
g3 Ng6 28. f4 Nf8 29. e5 Qc5 30. Qd2 g6 31. Bd1 Kg7 32. Bf3 b5 33. Rxa6 Qc4 34.
Ra3 b4 35. Rb3 Qf1 36. Bg2 Qb1 37. Qd3 Qxa2 38. Rxb4 Qa5 39. Rd4 Qe1 40. Qd1
Qe3 41. Rd3 Qf2 42. Qd2 Qb6 43. b4 Rc4 44. Rb3 Rd4 45. Qf2 Nd7 46. b5 Qc5 47.
Bc6 Qc4 48. Rb2 Nb6 49. Qc2 Qf1 50. Bg2 Qe1 51. Qf2 Qd1 52. Ra2 Nc4 53. Bf3 Qd3
54. Be2 Qc3 55. Bxc4 Rxc4 56. Rb2 Rc8 57. b6 Rb8 58. h4 h6 59. Qd2 Qc6 60. Qd6
Qc3 61. Qb4 Qf3 62. b7 g5 63. hxg5 hxg5 64. Qe7 Rh8+ 0-1

[Event "K41 Efteraars EMT Basis 1 2007"]
[Site "Valby"]
[Date "2007.10.23"]
[Round "6"]
[White "Jorgensen, Carina Eilegaard"]
[Black "Andersen, Rune Egede"]
[Result "0-1"]
[WhiteElo "1780"]
[BlackElo "1981"]
[PlyCount "68"]
[EventDate "2007.??.??"]

1. f4 c5 2. Nf3 Nc6 3. g3 g6 4. e4 Bg7 5. Bg2 d5 6. e5 Nh6 7. O-O Bg4 8. h3 Bf5
9. g4 Be6 10. d4 Qb6 11. c3 O-O 12. Kh1 f6 13. b3 cxd4 14. cxd4 fxe5 15. fxe5
Rxf3 16. Bxf3 Qxd4 17. Qxd4 Nxd4 18. Bxh6 Bxh6 19. Nc3 Nxf3 20. Rxf3 d4 21. Nb5
Bd5 22. Nxd4 Be3 23. Rd1 Bxd4 24. Rxd4 Bxf3+ 25. Kh2 Bc6 26. e6 Rf8 27. Kg1 g5
28. Rd2 Kg7 29. h4 Rf4 30. hxg5 Rxg4+ 31. Kh2 Rxg5 32. Rf2 Rg2+ 33. Rxg2+ Bxg2
34. Kxg2 Kf6 0-1

[Event "K41 Efteraars EMT Basis 1 2007"]
[Site "Valby"]
[Date "2007.10.30"]
[Round "7"]
[White "Andersen, Rune Egede"]
[Black "Friis, Jesper"]
[Result "1-0"]
[WhiteElo "1981"]
[BlackElo "1824"]
[PlyCount "73"]
[EventDate "2007.??.??"]

1. e4 c5 2. c3 d5 3. exd5 Qxd5 4. d4 Nc6 5. Nf3 Bg4 6. dxc5 Qxd1+ 7. Kxd1 e6 8.
b4 g6 9. Bb5 O-O-O+ 10. Kc2 Bxf3 11. gxf3 Ne5 12. Nd2 Nh6 13. Re1 Bg7 14. f4
Neg4 15. f3 Nf6 16. Nc4 Nd5 17. Bd2 Nf5 18. Ne5 Rhf8 19. a4 Nh4 20. c4 Nc7 21.
a5 Bxe5 22. Rxe5 Nxf3 23. Bc3 Nxe5 24. Bxe5 Nxb5 25. cxb5 Rd5 26. Kc3 Rfd8 27.
a6 b6 28. Bf6 bxc5 29. bxc5 Rxc5+ 30. Kb4 Rdd5 31. Ra5 Kc7 32. b6+ Kxb6 33.
Rxc5 Rd2 34. h4 Rh2 35. Rc1 Kxa6 36. Rc7 Rf2 37. Bd4 1-0

[Event "K41 Efteraars EMT Basis 1 2007"]
[Site "Valby"]
[Date "2007.10.30"]
[Round "7"]
[White "Nielsen, John Holm"]
[Black "Jorgensen, Carina Eilegaard"]
[Result "1-0"]
[WhiteElo "1883"]
[BlackElo "1780"]
[PlyCount "75"]
[EventDate "2007.??.??"]

1. Nc3 d5 2. e4 dxe4 3. Nxe4 Nc6 4. Bc4 Bf5 5. Ng3 Bg6 6. Nf3 Nf6 7. d4 e6 8.
O-O Be7 9. Bb5 O-O 10. Bxc6 bxc6 11. Ne5 c5 12. Nxg6 hxg6 13. dxc5 Bxc5 14. Bg5
Qb8 15. b3 Qb5 16. h4 Qc6 17. Qe2 a5 18. a4 Bb4 19. Rad1 Nd5 20. Rd4 Qb6 21.
Rc4 f5 22. h5 gxh5 23. Nxh5 g6 24. Nf4 Nxf4 25. Bxf4 Rf7 26. Qf3 Ra7 27. Be3 c5
28. Bc1 Rfc7 29. Rd1 Kg7 30. Bb2+ Kg8 31. Rd8+ Kf7 32. Qh3 e5 33. Qh7+ Kf6 34.
Qh8+ Rg7 35. f4 Ke6 36. Bxe5 Rad7 37. Rxd7 Rxd7 38. Qf6+ 1-0